Library Banner

Human anatomy and physiology / (Record no. 125370)

MARC details
000 -LEADER
fixed length control field 00581nam a22001937a 4500
005 - DATE AND TIME OF LATEST TRANSACTION
control field 20220107091555.0
008 - FIXED-LENGTH DATA ELEMENTS--GENERAL INFORMATION
fixed length control field 220107b ||||| |||| 00| 0 eng d
020 ## - INTERNATIONAL STANDARD BOOK NUMBER
International Standard Book Number 0805369872
040 ## - CATALOGING SOURCE
Transcribing agency PK-LaUMT
082 ## - DEWEY DECIMAL CLASSIFICATION NUMBER
Classification number 612
Item number SPE-H
100 ## - MAIN ENTRY--PERSONAL NAME
Personal name Spence, Alexander P.
245 ## - TITLE STATEMENT
Title Human anatomy and physiology /
Statement of responsibility, etc by Alexander P. Spence and Elliott B. Mason; illustrations by Fran Milner
250 ## - EDITION STATEMENT
Edition statement 2nd ed.
260 ## - PUBLICATION, DISTRIBUTION, ETC. (IMPRINT)
Place of publication, distribution, etc Menlo Park :
Name of publisher, distributor, etc The Benjamin/Cummings Publishing Company,
Date of publication, distribution, etc 1983
300 ## - PHYSICAL DESCRIPTION
Extent 793 p.
650 ## - SUBJECT ADDED ENTRY--TOPICAL TERM
Topical term or geographic name as entry element Human physiology
650 ## - SUBJECT ADDED ENTRY--TOPICAL TERM
Topical term or geographic name as entry element Physiology
942 ## - ADDED ENTRY ELEMENTS (KOHA)
Koha item type Books
Holdings
Withdrawn status Lost status Damaged status Home library Current library Date acquired Full call number Barcode Date last seen Price effective from Koha item type
      UMT Health Sciences Campus UMT Health Sciences Campus 2022-01-07 612 SPE-H 140790 2022-01-07 2022-01-07 Books